| 000 | 00392nam a22001697a 4500 | ||
|---|---|---|---|
| 005 | 20160520111950.0 | ||
| 008 | 160520b xxu||||| |||| 00| 0 eng d | ||
| 020 | _a81-7409-031-2 | ||
| 041 | _aeng | ||
| 082 | _b3452 | ||
| 100 |
_aBallaney P.L. _9865 |
||
| 245 | _aThermal Engineering | ||
| 260 | _bKhanna Publishing | ||
| 300 | _a1506 | ||
| 650 |
_aDIPLOMA ENGINEERING _9817 |
||
| 942 | _cBK | ||
| 999 |
_c1184 _d1184 |
||